000 00313nam a22001217a 4500
005 20250821095119.0
008 250821b |||||||| |||| 00| 0 eng d
082 _a005
_bKAW-O
100 _aKawash (Ed.)
245 _aOnline Social Media Analysis and Visualization
650 _aComputer Science & IT
999 _c37055
_d37055